00321nam a2200133Ia 45000030006000000080041000060400015000471000017000622450033000792600036001123000008001485460014001560050017001700STCL150530s9999 xx 000 0 und d aSTCLcSTCL aJohn paul II aPrathyaasayude Padivaathilil bMangalam Books ; Kottayamc1995 a259 aMalayalam20220125165337.0